000 00651nam a22002177a 4500
999 _c10893
_d10893
003 AR-CdUCM
008 190402b ||||| |||| 00| 0 spa d
040 _aMUNICIPALIDAD PROVINCIAL DEL CUSCO
_cBIBLIOTECA MUNICIPAL DEL CUSCO
082 _aC / 869.56 /
_bOS81
100 _aOsorio, Alberto
_917219
245 _aLa morada escarlata /
260 _aCusco :
_c1970.
300 _a27 páginas ;
_bilustraciones,
_c16 cm.
505 _aContenido: Tierra adentro -- La morada escarlata.
650 _aPoesías Peruanas
_914867
650 _aSiglo XX
_98
650 _aLiteratura
_983
650 _aCusco
_9772
942 _2ddc
_cLIBROS
945 _aachl